000 00572nam a2200217Ia 4500
003 OSt
005 20230524191646.0
008 210423s1994 xx 000 0 und d
040 _cAL
041 _aeng
082 _a361.3
_223
_bDESI
100 _aDESAI (Armaity S),Ed
_9113320
245 _aIndian journal of social work
260 _bTata Institute oF School Science
_c1994
365 _cINR
440 _v55
650 _aSocial Problems & Services
_9113321
650 _aSocial Work
_9113322
906 _aIndian ; journal ; social ; work
942 _2ddc
_cBK
999 _c173088
_d173088